000
00337nam a2200145Ia 4500
008
230718s9999 xx 000 0 und d
041
_a
Eng.
082
_a
346.02
_b
STO-C
100
_a
Storne. Prof. Richard
245
0
_a
Contract Law
260
_a
Pakistan
_b
Cavendish Publisher
_c
1994
300
_a
300
650
_a
Law
999
_c
29833
_d
29833